Normal view
MARC view
- Philips, Pulliam Patricia
Entry Personal Name
001 - CONTROL NUMBER
- control field: 122929
003 - CONTROL NUMBER IDENTIFIER
- control field: NUST
005 - DATE AND TIME OF LATEST TRANSACTION
- control field: 20240527115258.0
008 - FIXED-LENGTH DATA ELEMENTS
- fixed length control field: 240527|| aca||aabn | a|a d
040 ## - CATALOGING SOURCE
- Original cataloging agency: NUST
- Transcribing agency: NUST
100 ## - HEADING--PERSONAL NAME
- Personal name: Philips, Pulliam Patricia
670 ## - SOURCE DATA FOUND
- Source citation: Work cat.: (NUST): Philips, Pulliam Patricia, Measuring and Evaluating Training, 2015.
